[Event "14. Torneo Club Ajedrez Villaverde"]
[Site "Madrid ESP"]
[Date "2011.04.11"]
[Round "5.11"]
[White "Camarero Izquierdo, Juan C"]
[Black "Martinez Miura, Enrique"]
[Result "1-0"]
[WhiteElo "1926"]
[BlackElo "1717"]
[PlyCount "65"]
[EventDate "2011.04.04"]
[EventType "swiss"]
[EventRounds "8"]
[EventCountry "ESP"]
[Source "lmi"]
[SourceDate "2011.04.04"]

1. d4 Nf6 2. Nc3 d5 3. Bg5 e6 4. Qd3 Be7 5. O-O-O Nbd7 6. Nf3 Ng4 7. Be3 Nxe3
8. fxe3 c5 9. e4 cxd4 10. Qxd4 Bf6 11. e5 Bg5+ 12. Kb1 a6 13. e4 Be7 14. exd5
exd5 15. Nxd5 O-O 16. h4 Bc5 17. Qe4 Kh8 18. Bd3 g6 19. h5 f5 20. Qf4 g5 21.
Nxg5 Nb6 22. Nf6 Rxf6 23. exf6 Qxf6 24. Rhe1 Nd5 25. Re8+ Bf8 26. Qd2 Nc7 27.
Rd8 h6 28. Nf7+ Qxf7 29. Qxh6+ Kg8 30. Bc4 Ne6 31. Bxe6 Bxe6 32. Rxa8 Bxa2+ 33.
Ka1 1-0

[Event "14. Torneo Club Ajedrez Villaverde"]
[Site "Madrid ESP"]
[Date "2011.04.11"]
[Round "5.12"]
[White "Martin-Consuegra Barrilero, Francisco Javier"]
[Black "Alcazar Mata, Jesus"]
[Result "0-1"]
[WhiteElo "1884"]
[BlackElo "1704"]
[PlyCount "118"]
[EventDate "2011.04.04"]
[EventType "swiss"]
[EventRounds "8"]
[EventCountry "ESP"]
[Source "lmi"]
[SourceDate "2011.04.04"]

1. d4 d5 2. Bf4 Nf6 3. e3 c5 4. c3 cxd4 5. exd4 Bf5 6. Nf3 e6 7. Qb3 b6 8. Bb5+
Nbd7 9. Bc6 Rc8 10. Bb7 Rc7 11. Bxc7 Qxc7 12. Ba6 Bd6 13. Nbd2 Ke7 14. Be2 a5
15. a4 h6 16. Nf1 g5 17. h3 Bh7 18. Ne3 Ne4 19. Nd2 Nxf2 20. Rf1 Ne4 21. Nxe4
Bxe4 22. Bf3 Bd3 23. Be2 Be4 24. Kd2 Bf4 25. Bf3 f5 26. Bxe4 dxe4 27. Rae1 Nf6
28. Kc2 Bg3 29. Re2 Rc8 30. Kb1 h5 31. Rd1 g4 32. d5 Rd8 33. dxe6 Rxd1+ 34.
Qxd1 Kxe6 35. Qd4 Be5 36. Qc4+ Qxc4 37. Nxc4 Bc7 38. Kc2 f4 39. hxg4 hxg4 40.
Nd2 Kf5 41. Nb3 Be5 42. Nd2 f3 43. gxf3 exf3 44. Rf2 Bg3 45. Rxf3+ gxf3 46.
Nxf3 Ke4 47. Nd2+ Kd5 48. Kd3 Bf4 49. Nf3 Nd7 50. b4 Ne5+ 51. Nxe5 Bxe5 52. c4+
Kc6 53. c5 axb4 54. cxb6 Kxb6 55. Kc4 Ka5 56. Kb3 Bc3 57. Kc2 Kxa4 58. Kc1 Ka3
59. Kb1 Kb3 0-1

[Event "14. Torneo Club Ajedrez Villaverde"]
[Site "Madrid ESP"]
[Date "2011.04.11"]
[Round "5.13"]
[White "Largo Barbero, Benito"]
[Black "Vidaurre, Luis"]
[Result "1-0"]
[WhiteElo "1759"]
[BlackElo "1867"]
[PlyCount "120"]
[EventDate "2011.04.04"]
[EventType "swiss"]
[EventRounds "8"]
[EventCountry "ESP"]
[Source "lmi"]
[SourceDate "2011.04.04"]

1. e4 c5 2. Nc3 Nc6 3. g3 g6 4. Bg2 Bg7 5. f4 d6 6. Nf3 e6 7. O-O Nge7 8. d3
Rb8 9. Ne2 b5 10. g4 a6 11. Ng3 Qb6 12. f5 e5 13. Nh4 f6 14. Be3 g5 15. Nf3 Rf8
16. Nh5 Bh8 17. c3 a5 18. Rf2 b4 19. d4 Ba6 20. Rd2 Kf7 21. Bf1 Rfd8 22. Qb3+
Kf8 23. Bxa6 Qxa6 24. Qe6 Qc8 25. Qxc8 Rbxc8 26. dxc5 dxc5 27. Bxc5 bxc3 28.
bxc3 Rxd2 29. Nxd2 Rd8 30. Rd1 Rd3 31. c4 Nd4 32. Bxd4 exd4 33. Kf2 Nc6 34. Ke2
Re3+ 35. Kf1 Ra3 36. Nb3 Rxa2 37. Nxd4 Nxd4 38. Rxd4 Ke7 39. Rd3 a4 40. c5 a3
41. c6 Ra1+ 42. Ke2 a2 43. Rd7+ Ke8 44. Ra7 Rh1 45. Ra8+ Ke7 46. c7 Rc1 47.
Rxa2 Rxc7 48. Ra8 Kd6 49. Rxh8 Rc2+ 50. Kd3 Rxh2 51. Nxf6 Rg2 52. Rxh7 Ke5 53.
Nd7+ Kf4 54. f6 Kxg4 55. f7 Rf2 56. f8=Q Rf3+ 57. Qxf3+ Kxf3 58. e5 g4 59. Rf7+
Kg2 60. e6 g3 1-0

[Event "14. Torneo Club Ajedrez Villaverde"]
[Site "Madrid ESP"]
[Date "2011.04.11"]
[Round "5.14"]
[White "Sanchez Tapia, Luis G"]
[Black "Rodriguez Bachiller, Luis"]
[Result "1-0"]
[WhiteElo "1687"]
[BlackElo "1794"]
[PlyCount "101"]
[EventDate "2011.04.04"]
[EventType "swiss"]
[EventRounds "8"]
[EventCountry "ESP"]
[Source "lmi"]
[SourceDate "2011.04.04"]

1. e4 c5 2. Nf3 d6 3. Bc4 Nf6 4. d3 e6 5. Bg5 Be7 6. O-O Nc6 7. c3 O-O 8. Nbd2
Bd7 9. Re1 Na5 10. Bb3 Nxb3 11. axb3 a6 12. e5 dxe5 13. Nxe5 Nd5 14. Bxe7 Qxe7
15. Ne4 Rad8 16. Ra5 Bc8 17. Qf3 b6 18. Ra3 Bb7 19. Nc4 b5 20. Na5 Ba8 21. Qg3
Qc7 22. Qxc7 Nxc7 23. Nxc5 Rd5 24. b4 Rg5 25. Ne4 Rg4 26. h3 Rg6 27. Ng3 f5 28.
Kh2 h5 29. f3 h4 30. Nh1 Nd5 31. Re2 Nf4 32. Rd2 Rd8 33. d4 e5 34. Ra1 e4 35.
Re1 exf3 36. gxf3 Bxf3 37. Rf1 Bxh1 38. Rxf4 Be4 39. Nb3 Re8 40. Nc5 Bc6 41.
Rxf5 Re1 42. d5 Rgg1 43. Rdf2 Rh1+ 44. Kg2 Reg1+ 45. Kf3 Rxh3+ 46. Ke2 Rhh1 47.
dxc6 Re1+ 48. Kd2 Rc1 49. c7 Rhd1+ 50. Ke3 Re1+ 51. Re2 1-0

[Event "14. Torneo Club Ajedrez Villaverde"]
[Site "Madrid ESP"]
[Date "2011.04.11"]
[Round "5.15"]
[White "Rottenwoehrer, Christoph"]
[Black "Garcia Martinez, Jose Luis"]
[Result "0-1"]
[WhiteElo "1458"]
[BlackElo "1832"]
[PlyCount "79"]
[EventDate "2011.04.04"]
[EventType "swiss"]
[EventRounds "8"]
[EventCountry "ESP"]
[Source "lmi"]
[SourceDate "2011.04.04"]

1. c4 e6 2. g3 d5 3. Bg2 Nf6 4. Nf3 Be7 5. O-O O-O 6. b3 c5 7. cxd5 exd5 8. d4
b6 9. Bb2 Bb7 10. Nc3 Nc6 11. dxc5 bxc5 12. Nh4 d4 13. Na4 Qd7 14. Rc1 Nb4 15.
Bxb7 Qxb7 16. a3 Na6 17. Nf5 Rfe8 18. Nxe7+ Qxe7 19. Rc2 Ne4 20. Qd3 Qe6 21. f3
Ng5 22. Bc1 Qd5 23. Bxg5 Qxg5 24. Qxa6 Qe3+ 25. Kg2 Qxb3 26. Qc4 Qxa3 27. Ra2
Qe3 28. Qd3 Qg5 29. Re1 Rad8 30. Rc2 Re3 31. Rxc5 Qe7 32. Qc4 d3 33. Nc3 d2 34.
Rd1 Rxc3 35. Qxc3 Qxe2+ 36. Kh3 Qxd1 37. Rc8 Qf1+ 38. Kg4 d1=Q 39. Qc7 Qdxf3+
40. Kh4 0-1

[Event "14. Torneo Club Ajedrez Villaverde"]
[Site "Madrid ESP"]
[Date "2011.04.11"]
[Round "5.16"]
[White "Galan Aguado, Fernando"]
[Black "Benito Mellado, Humberto"]
[Result "0-1"]
[WhiteElo "1831"]
[BlackElo "1619"]
[PlyCount "104"]
[EventDate "2011.04.04"]
[EventType "swiss"]
[EventRounds "8"]
[EventCountry "ESP"]
[Source "lmi"]
[SourceDate "2011.04.04"]

1. d4 d5 2. Nf3 Nf6 3. Bf4 Bg4 4. Ne5 Bh5 5. h3 Nbd7 6. g4 Bg6 7. Nxg6 hxg6 8.
Bg2 Nb6 9. Nc3 e6 10. O-O Bd6 11. Bg5 Be7 12. a4 a5 13. Qd3 c6 14. Rad1 Qc7 15.
f4 Nh7 16. Bxe7 Qxe7 17. b3 Nf6 18. e4 dxe4 19. Nxe4 Nfd5 20. Nc5 Nb4 21. Qe4
O-O-O 22. f5 gxf5 23. Rxf5 Nd7 24. Rdf1 Nf6 25. Qe2 Qc7 26. R5f4 Nbd5 27. R4f2
Nxg4 28. Rc1 Nxf2 29. Qxf2 Nf4 30. Rf1 g5 31. c3 Rh7 32. Ne4 Nxh3+ 33. Bxh3
Rxh3 34. Qg2 Rdh8 35. Rxf7 Rh1+ 36. Qxh1 Rxh1+ 37. Kxh1 Qd8 38. Nc5 Qd5+ 39.
Kh2 b6 40. Rf8+ Kc7 41. Rf7+ Kd8 42. Rd7+ Qxd7 43. Nxd7 Kxd7 44. Kg3 Ke7 45. b4
Kd6 46. bxa5 bxa5 47. c4 c5 48. dxc5+ Kxc5 49. Kg4 Kxc4 50. Kxg5 Kb4 51. Kf6
Kxa4 52. Kxe6 Kb3 0-1

[Event "14. Torneo Club Ajedrez Villaverde"]
[Site "Madrid ESP"]
[Date "2011.04.11"]
[Round "5.18"]
[White "Cerrato Gonzalez, Alvaro"]
[Black "Hernandez Mateo, Borja"]
[Result "0-1"]
[WhiteElo "1659"]
[BlackElo "1685"]
[PlyCount "124"]
[EventDate "2011.04.04"]
[EventType "swiss"]
[EventRounds "8"]
[EventCountry "ESP"]
[Source "lmi"]
[SourceDate "2011.04.04"]

1. Nf3 f5 2. d4 Nf6 3. c4 g6 4. Nc3 Bg7 5. g3 O-O 6. Bg2 c6 7. O-O d6 8. Qc2
Be6 9. b3 Kh8 10. Ng5 Bg8 11. e4 fxe4 12. Ngxe4 Nxe4 13. Qxe4 Nd7 14. Bb2 a5
15. f4 Nf6 16. Qd3 Be6 17. Qe2 Qd7 18. Na4 Ra6 19. Rae1 Bf5 20. Qxe7 Qxe7 21.
Rxe7 b5 22. cxb5 cxb5 23. Nc3 Ng8 24. Rc7 Bxd4+ 25. Kh1 b4 26. Nd1 Bxb2 27.
Nxb2 Nf6 28. Re1 d5 29. h3 Be4 30. Bxe4 Nxe4 31. Kg2 Kg8 32. Nd3 Rf7 33. Rc8+
Rf8 34. Rc7 Raa8 35. h4 Rac8 36. Rcc1 Rc3 37. Rxc3 bxc3 38. Re2 Rc8 39. Ne1 Nd2
40. Nc2 d4 41. Ne1 c2 42. Nd3 Nb1 43. Nc1 Rc3 44. Re8+ Kf7 45. Rd8 Re3 46. Rxd4
Re1 47. Nd3 c1=Q 48. Nxc1 Rxc1 49. a4 Rc2+ 50. Kh3 Rb2 51. Rd7+ Kg8 52. Rd8+
Kg7 53. Rd7+ Kh6 54. Rd6 Rxb3 55. f5 Kg7 56. f6+ Kf7 57. Kg4 Nc3 58. Ra6 Rb4+
59. Kg5 Ne4+ 60. Kh6 Nxg3 61. Rxa5 Rxh4+ 62. Kg5 Rh5+ 0-1

[Event "14. Torneo Club Ajedrez Villaverde"]
[Site "Madrid ESP"]
[Date "2011.04.11"]
[Round "5.19"]
[White "Urena Castellanos, Antonio"]
[Black "Veiga Rodriguez, Pablo"]
[Result "1-0"]
[WhiteElo "1637"]
[BlackElo "1517"]
[PlyCount "57"]
[EventDate "2011.04.04"]
[EventType "swiss"]
[EventRounds "8"]
[EventCountry "ESP"]
[Source "lmi"]
[SourceDate "2011.04.04"]

1. d4 Nf6 2. c4 g6 3. Nc3 Bg7 4. e4 d6 5. Be2 O-O 6. h3 c5 7. Nf3 Nbd7 8. O-O
e5 9. dxc5 dxc5 10. Bg5 Qc7 11. Qd2 Nb6 12. Rfd1 Be6 13. Bxf6 Bxf6 14. Nd5 Bxd5
15. cxd5 Qd6 16. Rac1 Be7 17. h4 f5 18. exf5 e4 19. Ng5 Rxf5 20. Nxe4 Qxd5 21.
Qxd5+ Nxd5 22. Bc4 Bxh4 23. Rxd5 Kg7 24. Rd7+ Kh6 25. g3 Re5 26. Bd3 Bxg3 27.
Nxg3 b6 28. Kg2 a6 29. Rh1+ 1-0

[Event "14. Torneo Club Ajedrez Villaverde"]
[Site "Madrid ESP"]
[Date "2011.04.11"]
[Round "5.20"]
[White "Salgado Duarte, Pablo"]
[Black "Ojosnegros Martin, Angel"]
[Result "0-1"]
[WhiteElo "1554"]
[BlackElo "1403"]
[PlyCount "74"]
[EventDate "2011.04.04"]
[EventType "swiss"]
[EventRounds "8"]
[EventCountry "ESP"]
[Source "lmi"]
[SourceDate "2011.04.04"]

1. d4 d5 2. Nc3 Nf6 3. Nf3 e6 4. Bg5 Be7 5. Bxf6 Bxf6 6. e4 dxe4 7. Nxe4 Be7 8.
Bd3 O-O 9. c3 Nd7 10. O-O b6 11. Re1 Bb7 12. Qc2 c5 13. dxc5 bxc5 14. Ned2 Nf6
15. Rad1 Qc7 16. h3 h6 17. Ne4 Nxe4 18. Bxe4 Bxe4 19. Qxe4 Bf6 20. Rd2 Rfd8 21.
Red1 Rab8 22. Rxd8+ Rxd8 23. Rxd8+ Qxd8 24. Qe2 Qd5 25. c4 Qh5 26. b3 e5 27.
Qe4 Qg6 28. Qa8+ Kh7 29. Qxa7 Qb1+ 30. Kh2 e4 31. Ng1 Be5+ 32. g3 Bd4 33. Kg2
Qc2 34. Qxf7 e3 35. Qf3 exf2 36. Ne2 Qb1 37. Nxd4 Qg1# 0-1

[Event "14. Torneo Club Ajedrez Villaverde"]
[Site "Madrid ESP"]
[Date "2011.04.12"]
[Round "6.1"]
[White "Martin Rodriguez, Emilio"]
[Black "Gemy, Jose Daniel"]
[Result "0-1"]
[WhiteElo "2062"]
[BlackElo "2288"]
[PlyCount "86"]
[EventDate "2011.04.04"]
[EventType "swiss"]
[EventRounds "8"]
[EventCountry "ESP"]
[Source "lmi"]
[SourceDate "2011.04.04"]

1. d4 d5 2. c4 c6 3. Nf3 Nf6 4. Nc3 dxc4 5. e4 b5 6. e5 Nd5 7. a4 e6 8. g3 Be7
9. Bg2 b4 10. Ne4 a5 11. O-O h6 12. Re1 Ba6 13. Nfd2 Nd7 14. Bf1 N5b6 15. Bh3
Qc7 16. Nd6+ Bxd6 17. exd6 Qxd6 18. Ne4 Qe7 19. Bf4 Nc8 20. Qh5 O-O 21. Bxh6
gxh6 22. Qxh6 f5 23. Qg6+ Kh8 24. Qh6+ Qh7 25. Qxe6 Qxh3 26. Ng5 Qh5 27. h4
Ncb6 28. Qd6 Rf6 29. Re6 Qg6 30. Rae1 Raf8 31. Qxc6 c3 32. bxc3 Bc4 33. Rxf6
Rxf6 34. Qc7 bxc3 35. Rc1 Qe8 36. Nf3 Qb8 37. Qxb8+ Nxb8 38. Rxc3 Nc6 39. Nd2
Nxd4 40. Kh2 Rc6 41. Re3 Nxa4 42. Re5 Nc5 43. Kg2 Bf7 0-1

[Event "14. Torneo Club Ajedrez Villaverde"]
[Site "Madrid ESP"]
[Date "2011.04.12"]
[Round "6.3"]
[White "Garcia Martin, Juan Manuel"]
[Black "Ortega Ruiz, Jose Miguel"]
[Result "0-1"]
[WhiteElo "1872"]
[BlackElo "2266"]
[PlyCount "48"]
[EventDate "2011.04.04"]
[EventType "swiss"]
[EventRounds "8"]
[EventCountry "ESP"]
[Source "lmi"]
[SourceDate "2011.04.04"]

1. d4 f5 2. c3 Nf6 3. Bg5 e6 4. Nf3 Be7 5. Bxf6 Bxf6 6. e3 d6 7. Bc4 O-O 8.
Nbd2 Kh8 9. O-O e5 10. dxe5 dxe5 11. e4 f4 12. Be2 Nc6 13. Qc2 Qe8 14. Bb5 a6
15. Bxc6 Qxc6 16. Rfd1 g5 17. h3 h5 18. Qb3 g4 19. hxg4 hxg4 20. Nh2 Be6 21.
Qc2 Rf7 22. f3 g3 23. Ng4 Bxg4 24. fxg4 Qb6+ 0-1

[Event "14. Torneo Club Ajedrez Villaverde"]
[Site "Madrid ESP"]
[Date "2011.04.12"]
[Round "6.4"]
[White "Pastor Alonso De Prado, Emilio"]
[Black "Lopez De Turiso, Jose Angel"]
[Result "1/2-1/2"]
[WhiteElo "2193"]
[BlackElo "2053"]
[PlyCount "57"]
[EventDate "2011.04.04"]
[EventType "swiss"]
[EventRounds "8"]
[EventCountry "ESP"]
[Source "lmi"]
[SourceDate "2011.04.04"]

1. e4 e5 2. Nf3 Nc6 3. Nc3 Nf6 4. Bb5 Nd4 5. Ba4 c6 6. d3 b5 7. Bb3 Nxb3 8.
axb3 d6 9. O-O Be7 10. h3 Bd7 11. Be3 a5 12. d4 Qc7 13. Qe2 O-O 14. Nd2 h6 15.
f4 exf4 16. Bxf4 Nh7 17. Nf3 Ng5 18. Qe3 Qd8 19. d5 b4 20. Ne2 c5 21. Ng3 Nxf3+
22. Qxf3 Bb5 23. Rfe1 Bg5 24. Nf5 Bxf4 25. Qxf4 Ra6 26. Nxh6+ gxh6 27. Qxh6 f6
28. Qg6+ Kh8 29. Qh6+ 1/2-1/2

[Event "14. Torneo Club Ajedrez Villaverde"]
[Site "Madrid ESP"]
[Date "2011.04.12"]
[Round "6.5"]
[White "Vazquez Gonzalez, Jesus"]
[Black "Cruz Monzon, Jose"]
[Result "1-0"]
[WhiteElo "2091"]
[BlackElo "1974"]
[PlyCount "111"]
[EventDate "2011.04.04"]
[EventType "swiss"]
[EventRounds "8"]
[EventCountry "ESP"]
[Source "lmi"]
[SourceDate "2011.04.04"]

1. e4 c5 2. d3 Nc6 3. Nf3 g6 4. g3 Bg7 5. Bg2 e6 6. O-O Nge7 7. Nbd2 O-O 8. Re1
d6 9. c3 Bd7 10. h4 f5 11. Nf1 Ne5 12. Nxe5 dxe5 13. exf5 Nxf5 14. Bxb7 Rb8 15.
Bg2 Qb6 16. Qe2 Bc6 17. Bxc6 Qxc6 18. Qe4 Qb6 19. Ne3 Nd6 20. Qg4 Rbe8 21. Nc4
Nxc4 22. Qxc4 Qb7 23. Qe4 Qb6 24. b3 Rf5 25. Be3 Ref8 26. b4 Qd8 27. Bxc5 R8f7
28. Re2 g5 29. hxg5 Rxg5 30. Rae1 Rf4 31. Qc6 Qxd3 32. Qxe6+ Rf7 33. Re3 Qd8
34. Rf3 Bf6 35. Bxa7 Qd2 36. Rf1 Rg6 37. Qc4 Qd7 38. Be3 h5 39. Kg2 Rg4 40. Qa6
Qd5 41. b5 e4 42. Rf4 Rxf4 43. gxf4 Rg7+ 44. Kh2 Qf5 45. f3 exf3 46. Qa8+ Kh7
47. Qxf3 Qxb5 48. Qe4+ Kg8 49. c4 Qb2+ 50. Rf2 Qa1 51. Qe8+ Kh7 52. Qxh5+ Kg8
53. Qe8+ Kh7 54. Re2 Qb1 55. Bd4 Qf5 56. Qe4 1-0

[Event "14. Torneo Club Ajedrez Villaverde"]
[Site "Madrid ESP"]
[Date "2011.04.12"]
[Round "6.6"]
[White "Alonso Aranzabal, Inigo"]
[Black "Camarero Izquierdo, Juan C"]
[Result "1-0"]
[WhiteElo "2052"]
[BlackElo "1926"]
[PlyCount "71"]
[EventDate "2011.04.04"]
[EventType "swiss"]
[EventRounds "8"]
[EventCountry "ESP"]
[Source "lmi"]
[SourceDate "2011.04.04"]

1. e4 c5 2. c3 d6 3. d4 Nf6 4. Bd3 g6 5. dxc5 dxc5 6. e5 Ng4 7. f4 Nc6 8. Nf3
c4 9. Be2 Qb6 10. Nd4 Nxd4 11. cxd4 h5 12. Nc3 Be6 13. h3 Nh6 14. d5 Rd8 15.
Bxc4 Bc8 16. Bb5+ Bd7 17. Qa4 e6 18. d6 a6 19. Bxd7+ Rxd7 20. Ne4 Bg7 21. Bd2
Qxb2 22. O-O b5 23. Qb4 Qxb4 24. Bxb4 O-O 25. Nc5 Ra7 26. Ba5 f6 27. Bb6 Raa8
28. Nxe6 Rfb8 29. Bc7 Rc8 30. Nxg7 Kxg7 31. e6 Rxc7 32. dxc7 Nf5 33. Rfd1 Ne7
34. Rd8 Rc8 35. Rxc8 Nxc8 36. Rd1 1-0

[Event "14. Torneo Club Ajedrez Villaverde"]
[Site "Madrid ESP"]
[Date "2011.04.12"]
[Round "6.7"]
[White "Bote Kobolo, Benjamin"]
[Black "Largo Barbero, Benito"]
[Result "1-0"]
[WhiteElo "2017"]
[BlackElo "1759"]
[PlyCount "103"]
[EventDate "2011.04.04"]
[EventType "swiss"]
[EventRounds "8"]
[EventCountry "ESP"]
[Source "lmi"]
[SourceDate "2011.04.04"]

1. e4 e6 2. Nc3 c5 3. Nf3 a6 4. d4 cxd4 5. Nxd4 Nc6 6. Nxc6 bxc6 7. Bd3 d5 8.
O-O Ne7 9. Bg5 Qa5 10. Bh4 Ng6 11. Bg3 h5 12. h3 d4 13. Ne2 e5 14. f4 h4 15.
Bh2 Bd6 16. fxe5 Bxe5 17. Nf4 Bxf4 18. Bxf4 Nxf4 19. Rxf4 Qe5 20. Qf1 Be6 21.
Re1 g5 22. Rf5 Qg3 23. Rf3 Qe5 24. Bc4 O-O 25. Bxa6 Kg7 26. Bc4 d3 27. Bxe6
Qxe6 28. Qxd3 Rxa2 29. Qc3+ f6 30. Rf5 Kg6 31. Ref1 Ra7 32. e5 Raf7 33. exf6
Re8 34. R5f3 Qe4 35. Qc5 Re5 36. Qf2 c5 37. c3 c4 38. Qb6 Re6 39. Qd8 Re8 40.
Qd2 Re5 41. Kh1 Rd5 42. Qc1 Kh6 43. Re1 Qg6 44. Ref1 Qh5 45. Qe3 Qg6 46. Qe6
Rc5 47. Rd1 Rcc7 48. Rd8 Kh7 49. Rf5 Rcd7 50. Rxd7 Rxd7 51. Rxg5 Qf7 52. Rg7+
1-0

[Event "14. Torneo Club Ajedrez Villaverde"]
[Site "Madrid ESP"]
[Date "2011.04.12"]
[Round "6.8"]
[White "Sanchez Tapia, Luis G"]
[Black "Fuentes Arjona, Antonio"]
[Result "0-1"]
[WhiteElo "1687"]
[BlackElo "2011"]
[PlyCount "86"]
[EventDate "2011.04.04"]
[EventType "swiss"]
[EventRounds "8"]
[EventCountry "ESP"]
[Source "lmi"]
[SourceDate "2011.04.04"]

1. e4 c5 2. Nf3 Nc6 3. Bc4 g6 4. O-O Bg7 5. c3 Nf6 6. d3 O-O 7. h3 d5 8. exd5
Nxd5 9. Re1 a6 10. a4 Bf5 11. a5 b5 12. axb6 Nxb6 13. Nh4 Bc8 14. Bb3 e5 15.
Nf3 Bf5 16. Bc2 c4 17. dxc4 Qxd1 18. Bxd1 Nxc4 19. Nbd2 Nd6 20. Ng5 Rfd8 21.
Bf3 Bd7 22. Nge4 Nb7 23. Nc4 f5 24. Ned2 e4 25. Be2 Nc5 26. Nb6 Ra7 27. Bc4+
Be6 28. Bxe6+ Nxe6 29. f3 Nc5 30. fxe4 Nd3 31. Rd1 Nxc1 32. Raxc1 Bh6 33. Nd5
fxe4 34. Nf6+ Kf7 35. Ndxe4 Be3+ 36. Kh1 Bxc1 37. Rxd8 Nxd8 38. b4 Re7 39. Kg1
Re6 40. Kf2 Rxf6+ 41. Nxf6 Kxf6 42. Ke2 Ke5 43. Kd3 Nc6 0-1

[Event "14. Torneo Club Ajedrez Villaverde"]
[Site "Madrid ESP"]
[Date "2011.04.12"]
[Round "6.10"]
[White "Benitez Cadenas, Luis Miguel"]
[Black "Ramirez Garcia, Jorge Alberto"]
[Result "0-1"]
[WhiteElo "1710"]
[BlackElo "2264"]
[PlyCount "32"]
[EventDate "2011.04.04"]
[EventType "swiss"]
[EventRounds "8"]
[EventCountry "ESP"]
[Source "lmi"]
[SourceDate "2011.04.04"]

1. d4 d5 2. c4 e6 3. g3 dxc4 4. Qa4+ Nd7 5. Qxc4 a6 6. Bg2 c5 7. Nf3 b5 8. Qc2
Bb7 9. O-O Rc8 10. Qd1 Ngf6 11. Be3 Ng4 12. Bf4 cxd4 13. h3 Ngf6 14. Ne5 Bxg2
15. Kxg2 Nxe5 16. Bxe5 Qd5+ 0-1

[Event "14. Torneo Club Ajedrez Villaverde"]
[Site "Madrid ESP"]
[Date "2011.04.12"]
[Round "6.11"]
[White "Garcia Martinez, Jose Luis"]
[Black "Lopez Heras, Arturo"]
[Result "1/2-1/2"]
[WhiteElo "1832"]
[BlackElo "2002"]
[PlyCount "86"]
[EventDate "2011.04.04"]
[EventType "swiss"]
[EventRounds "8"]
[EventCountry "ESP"]
[Source "lmi"]
[SourceDate "2011.04.04"]

1. d4 Nf6 2. c4 c5 3. d5 b5 4. cxb5 a6 5. b6 e6 6. Nc3 exd5 7. Nxd5 Nxd5 8.
Qxd5 Nc6 9. Nf3 Rb8 10. Ne5 Qf6 11. Nxc6 dxc6 12. Qe4+ Be7 13. Rb1 Bf5 14. Qf4
O-O 15. e4 Bg6 16. f3 Rxb6 17. Be2 Qe6 18. b3 Bd6 19. Qe3 Kh8 20. Bc4 Qe7 21.
O-O f5 22. exf5 Qh4 23. f4 Bxf5 24. g3 Qh5 25. Rb2 Rbb8 26. Rd2 Rfe8 27. Qf2
Be7 28. Bb2 a5 29. Re1 Qg6 30. Rde2 Bd6 31. Ba3 h5 32. Bxc5 Rxe2 33. Rxe2 Bg4
34. Re1 Rd8 35. Bxd6 Qxd6 36. Be2 Qb4 37. Bxg4 hxg4 38. Qe2 Qd4+ 39. Kf1 Qd5
40. Qe4 Qd2 41. Re2 Qc1+ 42. Kf2 Qc5+ 43. Qe3 Qd5 1/2-1/2

[Event "14. Torneo Club Ajedrez Villaverde"]
[Site "Madrid ESP"]
[Date "2011.04.12"]
[Round "6.12"]
[White "Benito Mellado, Humberto"]
[Black "Perez Cameselle, Francisco"]
[Result "0-1"]
[WhiteElo "1619"]
[BlackElo "1907"]
[PlyCount "46"]
[EventDate "2011.04.04"]
[EventType "swiss"]
[EventRounds "8"]
[EventCountry "ESP"]
[Source "lmi"]
[SourceDate "2011.04.04"]

1. d4 f5 2. Nf3 Nf6 3. g3 b6 4. Bg2 Bb7 5. O-O e6 6. Nh4 Bxg2 7. Nxg2 Be7 8.
Bg5 Ne4 9. Bxe7 Qxe7 10. Nd2 d5 11. c3 O-O 12. Nf3 Nd7 13. Nge1 f4 14. Nd3 fxg3
15. hxg3 h5 16. Nfe5 Nxe5 17. Nxe5 Rf6 18. e3 Rh6 19. Kg2 Qg5 20. Rh1 Rf8 21.
Nf3 Qf5 22. Rh4 g5 23. Rh1 g4 0-1

[Event "14. Torneo Club Ajedrez Villaverde"]
[Site "Madrid ESP"]
[Date "2011.04.12"]
[Round "6.13"]
[White "Martinez Miura, Enrique"]
[Black "Martin-Consuegra Barrilero, Francisco Javier"]
[Result "0-1"]
[WhiteElo "1717"]
[BlackElo "1884"]
[PlyCount "80"]
[EventDate "2011.04.04"]
[EventType "swiss"]
[EventRounds "8"]
[EventCountry "ESP"]
[Source "lmi"]
[SourceDate "2011.04.04"]

1. e4 d6 2. d4 Nf6 3. Nc3 Nbd7 4. Be3 e5 5. Nf3 Be7 6. h3 c6 7. dxe5 dxe5 8.
Be2 Qc7 9. O-O O-O 10. a3 a5 11. Nd2 Nc5 12. Qe1 Ne6 13. f3 b5 14. Qf2 Rb8 15.
Nb3 Nd7 16. Rfd1 a4 17. Nd2 Nd4 18. Bd3 Ne6 19. Kh1 Nf4 20. Bf1 Re8 21. g3 Ne6
22. Ne2 Bb7 23. c4 Ba6 24. cxb5 Bxb5 25. Nc3 Bxf1 26. Rxf1 Ndc5 27. Nc4 Rb3 28.
Rfd1 Rbb8 29. Qc2 Ra8 30. Qf2 f6 31. f4 exf4 32. gxf4 Bf8 33. f5 Ng5 34. Bxc5
Bxc5 35. Qxc5 Qg3 36. Qe3 Nf3 37. Qxf3 Qxf3+ 38. Kh2 Qf2+ 39. Kh1 Red8 40.
Rxd8+ Rxd8 0-1

[Event "14. Torneo Club Ajedrez Villaverde"]
[Site "Madrid ESP"]
[Date "2011.04.12"]
[Round "6.14"]
[White "Vidaurre, Luis"]
[Black "Urena Castellanos, Antonio"]
[Result "1-0"]
[WhiteElo "1867"]
[BlackElo "1637"]
[PlyCount "73"]
[EventDate "2011.04.04"]
[EventType "swiss"]
[EventRounds "8"]
[EventCountry "ESP"]
[Source "lmi"]
[SourceDate "2011.04.04"]

1. d4 Nf6 2. c4 g6 3. Nc3 Bg7 4. Nf3 d6 5. e4 O-O 6. Bd3 Bg4 7. h3 Bxf3 8. Qxf3
Nbd7 9. Be3 e5 10. d5 b6 11. Bc2 a6 12. b3 Rc8 13. O-O Nc5 14. Rfc1 Nh5 15. b4
Nd7 16. g3 Nhf6 17. Na4 Kh8 18. c5 b5 19. Nb2 c6 20. dxc6 Rxc6 21. Nd3 Qc8 22.
Bb3 dxc5 23. Nxc5 Nb8 24. Kg2 Qc7 25. Rc2 a5 26. bxa5 Qxa5 27. Nb7 Qc7 28. Rxc6
Qxc6 29. Bc5 Rc8 30. Nd6 Rc7 31. Rc1 Na6 32. Ba3 Nc5 33. Nxf7+ Rxf7 34. Rxc5
Qa6 35. Bxf7 Bf8 36. Rxe5 Bg7 37. Re6 1-0

[Event "14. Torneo Club Ajedrez Villaverde"]
[Site "Madrid ESP"]
[Date "2011.04.12"]
[Round "6.15"]
[White "Rodriguez Bachiller, Luis"]
[Black "Rottenwoehrer, Christoph"]
[Result "1-0"]
[WhiteElo "1794"]
[BlackElo "1458"]
[PlyCount "111"]
[EventDate "2011.04.04"]
[EventType "swiss"]
[EventRounds "8"]
[EventCountry "ESP"]
[Source "lmi"]
[SourceDate "2011.04.04"]

1. e4 c5 2. Nf3 d6 3. d4 cxd4 4. Qxd4 Nc6 5. Bb5 Bd7 6. Bxc6 Bxc6 7. Nc3 Nf6 8.
Bg5 e5 9. Qd3 Be7 10. O-O-O Rc8 11. Bxf6 gxf6 12. Nh4 Qc7 13. Nf5 Rd8 14. Rd2
h5 15. Rhd1 a6 16. g3 Qa5 17. Kb1 b5 18. Nd5 Bxd5 19. Qxd5 Qb6 20. Ng7+ Kf8 21.
Nf5 Ke8 22. Qb3 Qc6 23. Rd5 Qc7 24. Qd3 Kf8 25. Nxd6 Bxd6 26. Rxd6 Ke7 27. Rxd8
Rxd8 28. Qe2 Rxd1+ 29. Qxd1 Qc4 30. Qd3 Qd4 31. Qxd4 exd4 32. Kc1 Ke6 33. Kd2
f5 34. Kd3 fxe4+ 35. Kxe4 Kf6 36. Kxd4 Kf5 37. f3 Kg5 38. Ke4 f5+ 39. Ke3 f4+
40. gxf4+ Kf5 41. h4 a5 42. a3 Kf6 43. Ke4 Ke6 44. f5+ Kf6 45. f4 Kf7 46. Ke5
Ke7 47. f6+ Kf7 48. Kf5 Kf8 49. Kg6 Kg8 50. Kxh5 Kh7 51. Kg5 Kh8 52. Kg6 Kg8
53. b3 Kh8 54. c3 a4 55. bxa4 bxa4 56. c4 1-0